000 00545cam a2200169 4500500
005 20251012032553.0
041 _afre
042 _adc
100 1 0 _aLévi, Florence
_eauthor
700 1 0 _a Bekker, E.
_eauthor
700 1 0 _a Normand de Chambourg, Dominique Samson
_eauthor
245 0 0 _aConte du village de N. Bojarinova (Oust-Ozernoe)
260 _c2006.
500 _a97
786 0 _nSigila | 18 | 2 | 2006-12-20 | p. 85-86 | 1286-1715
856 4 1 _uhttps://shs.cairn.info/revue-sigila-2006-2-page-85?lang=fr&redirect-ssocas=7080
999 _c1547723
_d1547723